000 00395nam a2200145 i 4500
001 94962
003 ES-MaACL
005 20230906181611.0
007 t|
008 050519s1915 sp ||||1| spa d
100 1 _aLugan, A.
_974648
245 1 0 _aA los germanófilos católicos de España y otros países /
_cA. Lugan.
260 _aMadrid :
_bP. Orrier,
_c1915.
852 _aES-MaACL
_jT-1460-F-5
999 _c94962
_d94962